Statistics for World Capitals Closest to Madrid - 15 Second Sprint

Click here to take the quiz!

General Stats

  • This quiz has been taken 108 times
  • The average score is 4 of 20

Answers on the Map

Answers color-coded by a green-red scale on the quiz's map according to % correct below.
Loading ...
 

Answer Stats

kmcapital% Correct
1053Paris
78%
503Lisbon
74%
1363Rome
57%
1265London
51%
771Rabat
21%
494Andorra la Vella
18%
1153Bern
17%
991Monaco
14%
719Algiers
12%
1453Dublin
12%
1483Amsterdam
11%
1362Vatican City
11%
1319Brussels
8%
1385San Marino
7%
1271Tunis
7%
1668Valletta
5%
1281Luxembourg
4%
1297Vaduz
4%
1702Zagreb
4%
1600Ljubljana
1%

Score Distribution

Percentile by Number Answered

Percent of People with Each Score

Your Score History

You have not taken this quiz